00237nam a2200097Ia 4500008004100000100002200041245004300063260000900106942000700115999001700122190216s9999||||xx |||||||||||||| ||und|| aViman K Prakasham 0aVysamaha Bharatham Vol1 5 6 9 16 18 20 bNull cBK c25067d25067